000 01042cam a2200289 a 4500
999 _c3453
_d3453
001 15438123
003 GZU
005 20201130143703.0
008 080904s2007 nyu i000 0 eng
010 _a 2008315503
040 _aDLC
_cDLC
_dDLC
042 _alcode
050 0 0 _aHQ1064
_bWAL 2007
100 1 _aWaldorf, Lee.
245 1 0 _aCEDAW and the human rights based approach to programming /
_c[written by Lee Waldorf].
246 1 _iOther title information from cover:
_aUNIFEM guide
260 _aNew York :
_bUNIFEM,
_c2007.
300 _a84 p. ;
_c22 cm.
630 0 0 _aConvention on the Elimination of All Forms of Discrimination against Women
_d(1980)
650 0 _aWomen's rights.
650 0 _aHuman rights.
710 2 _aUnited Nations Development Fund for Women.
856 4 1 _3Table of contents only
_uhttp://www.loc.gov/catdir/toc/fy0905/2008315503.html
906 _a7
_bcbc
_corigode
_d3
_encip
_f20
_gy-gencatlg
942 _2lcc
_cBK
_h1064
_iWAL
_kHQ